[Event "Donostia Hiria Nazioarteko XXX"]
[Site "Donostia-San Sebastián"]
[Date "2009.04.05"]
[Round "1"]
[White "San Segundo Carrillo, Pablo"]
[Black "Segura Del Frago, Imanol"]
[Result "1-0"]
[WhiteElo "2560"]
[BlackElo "1938"]
[PlyCount "82"]
[EventDate "2009.04.05"]
[EventRounds "9"]
[EventCountry "ESP"]

1. d4 Nf6 2. c4 g6 3. Nc3 Bg7 4. e4 d6 5. Nf3 O-O 6. h3 Nbd7 7. Bg5 c6 8. Be2
e5 9. d5 Qc7 10. Nd2 Nc5 11. b4 Ncd7 12. O-O Ne8 13. Be7 f5 14. Bxf8 Nxf8 15.
c5 Nf6 16. Qb3 Kh8 17. Rfd1 cxd5 18. Nxd5 Nxd5 19. Qxd5 dxc5 20. Qxc5 Qxc5 21.
bxc5 Bd7 22. Bc4 Ne6 23. Nb3 Nd4 24. Nxd4 exd4 25. Bd5 Ba4 26. Bxb7 Bxd1 27.
Bxa8 Bc2 28. exf5 d3 29. Rf1 gxf5 30. Bf3 d2 31. c6 Be5 32. g4 fxg4 33. hxg4
Kg7 34. Kg2 Kf6 35. Rh1 Ke6 36. Rh6+ Ke7 37. Rh5 Ke6 38. Rxe5+ Kxe5 39. c7 Be4
40. Bxe4 d1=Q 41. c8=Q Kxe4 1-0

[Event "Donostia Hiria Nazioarteko XXX"]
[Site "Donostia-San Sebastián"]
[Date "2009.04.05"]
[Round "1"]
[White "Tung, Kai Ming"]
[Black "Salgado Lopez, Ivan"]
[Result "0-1"]
[WhiteElo "1924"]
[BlackElo "2559"]
[PlyCount "56"]
[EventDate "2009.04.05"]
[EventRounds "9"]
[EventCountry "ESP"]

1. e4 c5 2. Nf3 d6 3. c3 Nf6 4. Be2 Bg4 5. O-O e6 6. d4 Nxe4 7. Re1 Nd7 8. d5
Be7 9. h3 Bf5 10. g4 Bg6 11. dxe6 fxe6 12. Qb3 d5 13. Qxb7 O-O 14. Nbd2 Rb8 15.
Qa6 Rb6 16. Qxa7 c4 17. Nxe4 Bxe4 18. Nd2 Bg6 19. Nxc4 Rxb2 20. Be3 Rxe2 21.
Rxe2 dxc4 22. a4 Bd3 23. Rb2 Ne5 24. f4 Nf3+ 25. Kg2 Be4 26. Kf1 Qd3+ 27. Kg2
Nd4+ 28. Kh2 Qxe3 0-1

[Event "Donostia Hiria Nazioarteko XXX"]
[Site "Donostia-San Sebastián"]
[Date "2009.04.05"]
[Round "1"]
[White "Kogan, Artur"]
[Black "Filgueira Fernandez, Cristina"]
[Result "1-0"]
[WhiteElo "2541"]
[BlackElo "1912"]
[PlyCount "103"]
[EventDate "2009.04.05"]
[EventRounds "9"]
[EventCountry "ESP"]

1. c4 e5 2. Nc3 f5 3. d4 Nc6 4. Nf3 e4 5. Ng5 Nf6 6. h4 d5 7. e3 Bb4 8. Qb3
Bxc3+ 9. bxc3 h6 10. Nh3 Na5 11. Qa4+ c6 12. Ba3 Nxc4 13. Bxc4 dxc4 14. Qxc4
Nd5 15. Qc5 Qb6 16. Qd6 Qc7 17. Qxc7 Nxc7 18. c4 Be6 19. Rc1 O-O-O 20. Nf4 Bf7
21. h5 Kb8 22. Bb2 Rhg8 23. a4 Ne6 24. Ne2 Nc7 25. Ng3 Be6 26. Ne2 Bf7 27. f3
Rde8 28. Kf2 g5 29. hxg6 Rxg6 30. Nf4 Rgg8 31. Rxh6 Ne6 32. Ne2 Ng5 33. Ba3 Re6
34. Rxe6 Bxe6 35. Bd6+ Ka8 36. Nf4 Bd7 37. Rh1 Nf7 38. Ba3 Ng5 39. a5 b6 40.
axb6 axb6 41. Be7 Ne6 42. Ne2 Kb7 43. Bf6 Rg6 44. Rh7 Kc8 45. Be5 Rg8 46. f4
Nd8 47. Nc3 b5 48. cxb5 cxb5 49. Nd5 Re8 50. Nb6+ Kb7 51. Nxd7 Kc6 52. d5+ 1-0

[Event "Donostia Hiria Nazioarteko XXX"]
[Site "Donostia-San Sebastián"]
[Date "2009.04.05"]
[Round "1"]
[White "Miguelez Garcia, Erlantz"]
[Black "Narciso Dublan, Marc"]
[Result "0-1"]
[WhiteElo "1912"]
[BlackElo "2534"]
[PlyCount "54"]
[EventDate "2009.04.05"]
[EventRounds "9"]
[EventCountry "ESP"]

1. d4 f5 2. Nc3 d5 3. Nf3 Nf6 4. Bg5 e6 5. e3 Be7 6. Bd3 O-O 7. Ne5 Nbd7 8. Qf3
Nxe5 9. dxe5 Nd7 10. Bxe7 Qxe7 11. Qg3 Nc5 12. O-O-O Bd7 13. h4 Rf7 14. Qf4 Rb8
15. Kb1 b5 16. Ne2 b4 17. Qg5 Qf8 18. Nf4 Na4 19. Ka1 c5 20. h5 c4 21. Be2 b3
22. cxb3 cxb3 23. Rc1 bxa2 24. Rc2 Nc5 25. Ng6 Nb3+ 26. Kxa2 Qb4 27. Rc3 Nc1+
0-1

[Event "Donostia Hiria Nazioarteko XXX"]
[Site "Donostia-San Sebastián"]
[Date "2009.04.05"]
[Round "1"]
[White "Cifuentes Parada, Roberto"]
[Black "Doyle, Hugh"]
[Result "1-0"]
[WhiteElo "2531"]
[BlackElo "1910"]
[PlyCount "51"]
[EventDate "2009.04.05"]
[EventRounds "9"]
[EventCountry "ESP"]

1. Nf3 Nf6 2. c4 g6 3. Nc3 Bg7 4. e4 d6 5. d4 O-O 6. Be3 e5 7. dxe5 dxe5 8.
Qxd8 Rxd8 9. Nd5 Nxd5 10. cxd5 c6 11. Bc4 cxd5 12. Bxd5 Na6 13. O-O-O Rd7 14.
Kb1 Nb4 15. Bb3 Rxd1+ 16. Rxd1 Bg4 17. h3 Bxf3 18. gxf3 Nc6 19. Rd7 Rf8 20. Bc5
Rb8 21. Rxf7 Kh8 22. Bd5 Bh6 23. Bd6 Re8 24. Rxb7 Nd4 25. Rxa7 Nxf3 26. a4 1-0

[Event "Donostia Hiria Nazioarteko XXX"]
[Site "Donostia-San Sebastián"]
[Date "2009.04.05"]
[Round "1"]
[White "Kopischke, Maik"]
[Black "Maiorov, Nikita"]
[Result "0-1"]
[WhiteElo "1894"]
[BlackElo "2525"]
[PlyCount "24"]
[EventDate "2009.04.05"]
[EventRounds "9"]
[EventCountry "ESP"]

1. d4 Nf6 2. Nf3 e6 3. Bg5 h6 4. Bh4 c5 5. c3 b6 6. e3 Bb7 7. Nbd2 Be7 8. Bd3
g5 9. Bg3 g4 10. Ne5 h5 11. e4 d6 12. Nec4 Rf8 {!!!Ilegible!!!} 0-1

[Event "Donostia Hiria Nazioarteko XXX"]
[Site "Donostia-San Sebastián"]
[Date "2009.04.05"]
[Round "1"]
[White "Herraiz Hidalgo, Herminio"]
[Black "Rodriguez Cabrera, Fco  Javier"]
[Result "1-0"]
[WhiteElo "2520"]
[BlackElo "1894"]
[PlyCount "53"]
[EventDate "2009.04.05"]
[EventRounds "9"]
[EventCountry "ESP"]

1. d4 Nf6 2. c4 g6 3. Nc3 Bg7 4. e4 d6 5. Be2 O-O 6. Bg5 c5 7. dxc5 Qa5 8. Bd2
Qxc5 9. Nf3 Be6 10. Be3 Qc8 11. b3 Nc6 12. Rc1 Ng4 13. Bd2 f5 14. exf5 Bxf5 15.
Nd5 e6 16. h3 exd5 17. hxg4 Be4 18. cxd5 Bxd5 19. Bc3 Bxf3 20. gxf3 Qd8 21.
Qd5+ Kh8 22. Kf1 Qe7 23. Kg2 Qe5 24. Qxe5 dxe5 25. Bd3 Kg8 26. Kh3 Rf6 27. Bc4+
1-0

[Event "Donostia Hiria Nazioarteko XXX"]
[Site "Donostia-San Sebastián"]
[Date "2009.04.05"]
[Round "1"]
[White "Tung, Siu Hung"]
[Black "Lafuente, Pablo"]
[Result "0-1"]
[WhiteElo "1893"]
[BlackElo "2517"]
[PlyCount "64"]
[EventDate "2009.04.05"]
[EventRounds "9"]
[EventCountry "ESP"]

1. e4 c6 2. d4 d5 3. e5 Bf5 4. h4 h6 5. Ne2 e6 6. Nf4 Nd7 7. Nd2 Ne7 8. Be2 c5
9. c3 Rc8 10. Bh5 Qb6 11. dxc5 Nxc5 12. O-O Nc6 13. Re1 g6 14. Bg4 Bxg4 15.
Qxg4 h5 16. Qh3 Ne7 17. b4 Nd7 18. Nb3 Nf5 19. Be3 Nxe3 20. Rxe3 Bh6 21. Qg3
Rc4 22. Nd4 Rxd4 23. cxd4 Qxd4 24. Rc3 Bxf4 25. Qh3 Bxe5 26. Rac1 O-O 27. a3
Nf6 28. Rd3 Qf4 29. Rcd1 Ng4 30. Rf3 Qe4 31. Rfd3 Qe2 32. Rf1 Bh2+ 0-1

[Event "Donostia Hiria Nazioarteko XXX"]
[Site "Donostia-San Sebastián"]
[Date "2009.04.05"]
[Round "1"]
[White "Alsina Leal, Daniel"]
[Black "Castillo, Jaydee"]
[Result "1-0"]
[WhiteElo "2503"]
[BlackElo "1888"]
[PlyCount "103"]
[EventDate "2009.04.05"]
[EventRounds "9"]
[EventCountry "ESP"]

1. e4 d5 2. exd5 Nf6 3. Nf3 Bg4 4. Be2 Qxd5 5. Nc3 Qd7 6. Ne5 Bxe2 7. Qxe2 Qc8
8. d4 c6 9. Bg5 Qf5 10. Bxf6 gxf6 11. Nc4 e6 12. Ne4 Kd7 13. O-O-O Kc7 14. Rd3
Nd7 15. Rf3 Qh5 16. Kb1 Be7 17. Qe3 Raf8 18. Qf4+ e5 19. Ng3 Qg6 20. dxe5 fxe5
21. Nxe5 Nxe5 22. Qxe5+ Bd6 23. Qf5 Rhg8 24. Rd1 Qxf5 25. Nxf5 Bc5 26. g3 Rg6
27. c3 Rf6 28. Rd2 Re8 29. Kc2 Bf8 30. Kd1 Bh6 31. Re2 Rd8+ 32. Kc2 Rd5 33. Nd4
Rxf3 34. Nxf3 Kd6 35. Nd2 b5 36. Ne4+ Ke6 37. f4 Kf5 38. Nf2 Bf8 39. Nd3 f6 40.
h3 a5 41. Re8 Bd6 42. g4+ Kg6 43. Rc8 c5 44. Rd8 h5 45. Nxc5 hxg4 46. hxg4 Rxc5
47. Rxd6 Rc4 48. g5 Rxf4 49. Rxf6+ Kxg5 50. Rxf4 Kxf4 51. Kb3 Ke4 52. a4 1-0

[Event "Donostia Hiria Nazioarteko XXX"]
[Site "Donostia-San Sebastián"]
[Date "2009.04.05"]
[Round "1"]
[White "Saenz Zabala, Juan Ignacio"]
[Black "Tratar, Marko"]
[Result "0-1"]
[WhiteElo "1857"]
[BlackElo "2488"]
[PlyCount "52"]
[EventDate "2009.04.05"]
[EventRounds "9"]
[EventCountry "ESP"]

1. e4 c5 2. f4 e6 3. Nf3 d5 4. exd5 exd5 5. Bb5+ Nc6 6. Qe2+ Qe7 7. Bxc6+ bxc6
8. Qxe7+ Nxe7 9. d3 Nf5 10. O-O f6 11. Nc3 Kf7 12. Bd2 h5 13. Rae1 c4 14. dxc4
Bc5+ 15. Kh1 h4 16. Ne2 dxc4 17. c3 Rb8 18. Rb1 Be6 19. Nfd4 Bxd4 20. cxd4 Bd5
21. Kg1 Be4 22. Rbc1 Rxb2 23. Nc3 Bxg2 24. Rf2 h3 25. Be3 Rhb8 26. Rxb2 Rxb2
0-1

[Event "Donostia Hiria Nazioarteko XXX"]
[Site "Donostia-San Sebastián"]
[Date "2009.04.05"]
[Round "1"]
[White "Sebenik, Matej"]
[Black "Madurga Lopez, Ignacio"]
[Result "1-0"]
[WhiteElo "2482"]
[BlackElo "1853"]
[PlyCount "59"]
[EventDate "2009.04.05"]
[EventRounds "9"]
[EventCountry "ESP"]

1. c4 c5 2. Nf3 d6 3. d4 cxd4 4. Nxd4 g6 5. e4 Bg7 6. Nc3 Nc6 7. Be3 Nf6 8. Be2
O-O 9. O-O Bd7 10. f3 a6 11. Qd2 Rb8 12. Rfd1 Re8 13. Rac1 Nxd4 14. Bxd4 Bc6
15. b4 b5 16. Nd5 Bxd5 17. exd5 bxc4 18. Bxc4 Nd7 19. Bxa6 Bxd4+ 20. Qxd4 Qb6
21. Qxb6 Rxb6 22. Bc8 Nf6 23. Rc4 Rb5 24. a4 Rxd5 25. Rxd5 Nxd5 26. a5 Nxb4 27.
Bb7 Nd3 28. a6 Nc5 29. Bc6 Rc8 30. a7 1-0

[Event "Donostia Hiria Nazioarteko XXX"]
[Site "Donostia-San Sebastián"]
[Date "2009.04.05"]
[Round "1"]
[White "Pena Gomez, Manuel"]
[Black "Cantabrana Garona, Alejandro"]
[Result "1-0"]
[WhiteElo "2456"]
[BlackElo "1828"]
[PlyCount "35"]
[EventDate "2009.04.05"]
[EventRounds "9"]
[EventCountry "ESP"]

1. c4 Nf6 2. Nc3 c5 3. g3 Nc6 4. Bg2 g6 5. e3 Bg7 6. Nge2 d6 7. d4 cxd4 8. exd4
O-O 9. O-O Bf5 10. h3 h5 11. Be3 a6 12. Qd2 Qc7 13. Rac1 Rad8 14. Bg5 Qb8 15.
Nd5 Be4 16. Bxf6 Bxg2 17. Bxg7 Bxf1 18. Qh6 1-0

[Event "Donostia Hiria Nazioarteko XXX"]
[Site "Donostia-San Sebastián"]
[Date "2009.04.05"]
[Round "1"]
[White "Navascues Zabaleta, Jesus"]
[Black "Huerga Leache, Mikel"]
[Result "0-1"]
[WhiteElo "1820"]
[BlackElo "2451"]
[PlyCount "50"]
[EventDate "2009.04.05"]
[EventRounds "9"]
[EventCountry "ESP"]

1. e4 c5 2. Nf3 Nc6 3. d4 cxd4 4. Nxd4 Nf6 5. Nc3 d6 6. Be2 g6 7. Be3 Bg7 8. f3
O-O 9. Qd2 d5 10. Nxc6 bxc6 11. e5 Nd7 12. f4 Rb8 13. Rb1 f6 14. exf6 Nxf6 15.
Bxa7 Rb7 16. Bc5 Nd7 17. Bd4 e5 18. fxe5 Nxe5 19. Bf2 d4 20. Ne4 Qd5 21. Bd3 c5
22. Ng3 Qxg2 23. Be4 Nf3+ 24. Bxf3 Qxf3 25. Rg1 Re7+ 0-1

[Event "Donostia Hiria Nazioarteko XXX"]
[Site "Donostia-San Sebastián"]
[Date "2009.04.05"]
[Round "1"]
[White "Markosian, David S"]
[Black "Nogues Fernandez, Ramon"]
[Result "1/2-1/2"]
[WhiteElo "2444"]
[BlackElo "1819"]
[PlyCount "76"]
[EventDate "2009.04.05"]
[EventRounds "9"]
[EventCountry "ESP"]

1. d4 Nf6 2. Nf3 c5 3. d5 e6 4. Nc3 exd5 5. Nxd5 Nxd5 6. Qxd5 Be7 7. e4 O-O 8.
Bc4 Nc6 9. O-O d6 10. c3 Be6 11. Qd3 Bxc4 12. Qxc4 Ne5 13. Nxe5 dxe5 14. Be3 b6
15. Rfd1 Qc7 16. Rd5 Rfd8 17. Rad1 Rxd5 18. Rxd5 Rd8 19. b4 Rxd5 20. exd5 Bd6
21. bxc5 bxc5 22. Qb5 Kf8 23. c4 Ke7 24. g3 h6 25. a4 f5 26. Bd2 f4 27. Qb1
fxg3 28. hxg3 Kf6 29. Kg2 Qd7 30. Qd1 Qf5 31. Qf3 h5 32. Bc3 Qxf3+ 33. Kxf3 Kf5
34. Bd2 g5 35. Bc3 e4+ 36. Kg2 Kg4 37. Bd2 h4 38. Be3 hxg3 1/2-1/2

[Event "Donostia Hiria Nazioarteko XXX"]
[Site "Donostia-San Sebastián"]
[Date "2009.04.05"]
[Round "1"]
[White "Espin Laborde, Jesus Maria"]
[Black "Spassov, Liuben"]
[Result "0-1"]
[WhiteElo "1816"]
[BlackElo "2433"]
[PlyCount "78"]
[EventDate "2009.04.05"]
[EventRounds "9"]
[EventCountry "ESP"]

1. e4 c5 2. Nf3 e6 3. d4 cxd4 4. Nxd4 a6 5. a3 Nf6 6. Nc3 Qc7 7. g3 b5 8. Bg2
Bb7 9. O-O d6 10. Be3 Be7 11. f4 Nbd7 12. Nb3 O-O 13. Qe2 Rac8 14. Rad1 Nb6 15.
e5 Bxg2 16. Kxg2 dxe5 17. fxe5 Nfd5 18. Bd4 Nxc3 19. Bxc3 Na4 20. Bd4 Qxc2 21.
Qxc2 Rxc2+ 22. Rf2 Rfc8 23. Rdd2 Rxd2 24. Nxd2 Bc5 25. Bxc5 Rxc5 26. Nf3 Nb6
27. Re2 h6 28. h4 Nc4 29. Kf2 Rd5 30. Kg2 Rd3 31. Kf2 Rb3 32. Nd4 Rxb2 33. Rxb2
Nxb2 34. Ke3 Nc4+ 35. Ke4 Nxa3 36. Nb3 Nc4 37. Kd4 Kh7 38. Kc5 Kg6 39. g4 h5
0-1

[Event "Donostia Hiria Nazioarteko XXX"]
[Site "Donostia-San Sebastián"]
[Date "2009.04.05"]
[Round "1"]
[White "Suarez Pousa, Diego"]
[Black "Fernandez Zubitur, Jokin"]
[Result "1-0"]
[WhiteElo "2431"]
[BlackElo "1811"]
[PlyCount "39"]
[EventDate "2009.04.05"]
[EventRounds "9"]
[EventCountry "ESP"]

1. e4 e5 2. Nf3 Nf6 3. d4 Nxe4 4. Bd3 d5 5. Nxe5 Bd6 6. O-O O-O 7. c4 c6 8. Re1
Bxe5 9. dxe5 Nc5 10. Bf1 d4 11. b4 Nca6 12. a3 c5 13. Bd3 cxb4 14. Qh5 g6 15.
Qh6 f6 16. Bxg6 Qe7 17. Be4 Qg7 18. exf6 Qxh6 19. Bd5+ Rf7 20. Bxh6 1-0

[Event "Donostia Hiria Nazioarteko XXX"]
[Site "Donostia-San Sebastián"]
[Date "2009.04.05"]
[Round "1"]
[White "Arribas Lopez, Angel"]
[Black "Izagirre Alsua, Aritz"]
[Result "1-0"]
[WhiteElo "2379"]
[BlackElo "1809"]
[PlyCount "63"]
[EventDate "2009.04.05"]
[EventRounds "9"]
[EventCountry "ESP"]

1. e4 c5 2. Nf3 d6 3. d4 cxd4 4. Nxd4 Nc6 5. c4 g6 6. Nc3 Bg7 7. Be3 Nf6 8. Be2
O-O 9. O-O Bd7 10. Rc1 Qa5 11. Nb3 Qd8 12. f3 Be6 13. Qd2 Ne5 14. Nd5 Bxd5 15.
cxd5 a6 16. Qb4 b5 17. a4 bxa4 18. Qxa4 Qb8 19. Bd4 Ned7 20. Na5 Re8 21. Rfd1
Nc5 22. Qa3 Ncd7 23. Rc6 Nh5 24. Kh1 Bxd4 25. Rxd4 Qa7 26. Qc3 Nf4 27. Bf1 Nc5
28. b4 Na4 29. Qd2 Nh5 30. Rxa6 Qb8 31. Rxa8 Qxa8 32. Bb5 1-0

[Event "Donostia Hiria Nazioarteko XXX"]
[Site "Donostia-San Sebastián"]
[Date "2009.04.06"]
[Round "2"]
[White "Nava Pereda, Carlos"]
[Black "San Segundo Carrillo, Pablo"]
[Result "0-1"]
[WhiteElo "2296"]
[BlackElo "2560"]
[PlyCount "41"]
[EventDate "2009.04.05"]
[EventRounds "9"]
[EventCountry "ESP"]

1. c4 e5 2. Nc3 Nf6 3. Nf3 Nc6 4. e4 Bb4 5. d3 d6 6. g3 Bc5 7. h3 Bd7 8. Bg2
Qc8 9. Bg5 Ng8 10. Nd5 Nd4 11. Bd2 c6 12. Ne3 Nxf3+ 13. Bxf3 Ne7 14. g4 Qd8 15.
Nf5 Nxf5 16. exf5 g6 17. Qe2 Qh4 18. Be3 O-O-O 19. b4 Bd4 20. Bxd4 exd4 21.
O-O-O {Ilegible} 0-1

[Event "Donostia Hiria Nazioarteko XXX"]
[Site "Donostia-San Sebastián"]
[Date "2009.04.06"]
[Round "2"]
[White "Salgado Lopez, Ivan"]
[Black "Thomassen, Joachim"]
[Result "1-0"]
[WhiteElo "2559"]
[BlackElo "2289"]
[PlyCount "127"]
[EventDate "2009.04.05"]
[EventRounds "9"]
[EventCountry "ESP"]

1. e4 c5 2. Nf3 d6 3. d4 cxd4 4. Nxd4 Nf6 5. Nc3 a6 6. Be3 e6 7. Qd2 b5 8. f3
Nbd7 9. O-O-O Bb7 10. Kb1 b4 11. Na4 d5 12. exd5 Nxd5 13. Bc4 Be7 14. Nf5 O-O
15. Bxd5 Bxd5 16. Nb6 Nxb6 17. Bxb6 Qe8 18. Rhe1 Bxa2+ 19. Kxa2 exf5 20. Qd7
Qxd7 21. Rxd7 Bf6 22. Kb3 Rfe8 23. Ra7 h5 24. Rxa8 Rxa8 25. Kxb4 Bxb2 26. c4
Rb8 27. c5 Bd4 28. Rd1 Rxb6+ 29. cxb6 Bxb6 30. h3 g6 31. Rd6 a5+ 32. Kb5 Bc7
33. Rd7 Be5 34. Kxa5 Kg7 35. Kb5 Kf6 36. Kc4 Ke6 37. Ra7 Bd6 38. Ra6 Ke5 39.
Kd3 Kd5 40. Ra5+ Ke6 41. Kd4 Bg3 42. Ra6+ Ke7 43. Kd5 Bf4 44. Ra4 Bg3 45. Rb4
Kf6 46. Kc6 Ke6 47. Rb2 g5 48. Re2+ Be5 49. h4 f6 50. Re1 f4 51. hxg5 fxg5 52.
Rh1 h4 53. Re1 Kf5 54. Kd5 Bf6 55. Re6 Bc3 56. Re8 Bg7 57. Rg8 Kf6 58. Ke4 Kf7
59. Rb8 Kg6 60. Rb6+ Bf6 61. Ra6 Kf7 62. Kf5 Bd8 63. Ra7+ Be7 64. Rxe7+ 1-0

[Event "Donostia Hiria Nazioarteko XXX"]
[Site "Donostia-San Sebastián"]
[Date "2009.04.06"]
[Round "2"]
[White "Fidalgo Fernandez, Javier"]
[Black "Kogan, Artur"]
[Result "1-0"]
[WhiteElo "2285"]
[BlackElo "2541"]
[PlyCount "93"]
[EventDate "2009.04.05"]
[EventRounds "9"]
[EventCountry "ESP"]

1. d4 d5 2. Nf3 c6 3. c4 e6 4. e3 Nd7 5. Nc3 Ngf6 6. Bd3 dxc4 7. Bxc4 b5 8. Bd3
a6 9. Ne4 c5 10. dxc5 Nxc5 11. Nxc5 Bxc5 12. O-O Bb7 13. Qe2 O-O 14. a3 Bd6 15.
Rd1 Ne4 16. Bd2 Qb6 17. Bxe4 Bxe4 18. Bc3 Rfd8 19. Rd4 Bg6 20. Rad1 Bc5 21. Rd7
f6 22. Qd2 Rxd7 23. Qxd7 Be8 24. Qd2 Qb7 25. Ne1 Be7 26. Ba5 Rc8 27. Nd3 Bc6
28. f3 Bd5 29. Nb4 Bb3 30. Rc1 Rxc1+ 31. Qxc1 Bc4 32. Qd2 h6 33. Qd4 e5 34. Qc3
Qd7 35. Qc1 Qe6 36. Qd2 Bc5 37. h3 f5 38. Kh2 f4 39. e4 Qg6 40. Nd5 Qg3+ 41.
Kh1 Bf1 42. Bb6 Bxb6 43. Nxb6 Kh7 44. b3 Bd3 45. Nd7 Bc2 46. b4 Bb3 47. Nxe5
1-0

[Event "Donostia Hiria Nazioarteko XXX"]
[Site "Donostia-San Sebastián"]
[Date "2009.04.06"]
[Round "2"]
[White "Narciso Dublan, Marc"]
[Black "Gavilan Diaz, Mario"]
[Result "1-0"]
[WhiteElo "2534"]
[BlackElo "2273"]
[PlyCount "107"]
[EventDate "2009.04.05"]
[EventRounds "9"]
[EventCountry "ESP"]

1. d4 d5 2. c4 c6 3. Nf3 Nf6 4. e3 e6 5. Nbd2 Nbd7 6. b3 Bd6 7. Bb2 O-O 8. Bd3
Qe7 9. Ne5 Ba3 10. Bxa3 Qxa3 11. Qc2 h6 12. f4 Nxe5 13. fxe5 Ng4 14. Ke2 f6 15.
h3 Nxe3 16. Kxe3 fxe5 17. Bh7+ Kh8 18. Nf3 e4 19. Bxe4 dxe4 20. Ne5 Kg8 21.
Qxe4 c5 22. Rhf1 cxd4+ 23. Qxd4 b6 24. Rxf8+ Qxf8 25. Rd1 Bb7 26. g4 Qf6 27.
Qf4 Rf8 28. Qxf6 gxf6 29. Ng6 Rf7 30. Rd6 e5 31. Nh4 Kh7 32. Nf5 Bc8 33. Rc6
Bxf5 34. gxf5 h5 35. h4 Kg7 36. Rd6 Kf8 37. Ke4 Ke8 38. a4 Rd7 39. Rxf6 Rd4+
40. Kxe5 Rxh4 41. Rh6 Rh3 42. b4 Rh4 43. Ke6 Re4+ 44. Kd5 Rf4 45. Rxh5 Rf1 46.
Kc6 Rf4 47. Rh8+ Ke7 48. Rh7+ Kd8 49. Rxa7 Rxc4+ 50. Kb5 Rf4 51. Rf7 Kc8 52.
Rf6 Kc7 53. Rc6+ Kd7 54. Rc4 1-0

[Event "Donostia Hiria Nazioarteko XXX"]
[Site "Donostia-San Sebastián"]
[Date "2009.04.06"]
[Round "2"]
[White "Martin Alvarez, Inigo"]
[Black "Cifuentes Parada, Roberto"]
[Result "0-1"]
[WhiteElo "2236"]
[BlackElo "2531"]
[PlyCount "61"]
[EventDate "2009.04.05"]
[EventRounds "9"]
[EventCountry "ESP"]

1. e4 c5 2. Nf3 Nc6 3. d4 cxd4 4. Nxd4 Nf6 5. Nc3 e5 6. Ndb5 d6 7. Bg5 a6 8.
Na3 Be6 9. Nc4 Rc8 10. Nd5 Bxd5 11. Bxf6 gxf6 12. Qxd5 Nb4 13. Qd2 d5 14. exd5
Nxc2+ 15. Qxc2 Bb4+ 16. Kd1 b5 17. Qe4 bxc4 18. Bxc4 Qb6 19. Ke2 Bc5 20. b3 Ke7
21. Rhf1 Bd4 22. Rad1 a5 23. f4 Kd6 24. Rc1 Rhe8 25. f5 Rg8 26. g4 h5 27. h3 a4
28. bxa4 hxg4 29. hxg4 Rh8 30. Bb5 Rh2+ 31. Kd3 0-1

[Event "Donostia Hiria Nazioarteko XXX"]
[Site "Donostia-San Sebastián"]
[Date "2009.04.06"]
[Round "2"]
[White "Maiorov, Nikita"]
[Black "Vaibhav, Suri"]
[Result "1/2-1/2"]
[WhiteElo "2525"]
[BlackElo "2222"]
[PlyCount "116"]
[EventDate "2009.04.05"]
[EventRounds "9"]
[EventCountry "ESP"]

1. d4 Nf6 2. c4 e6 3. Nc3 Bb4 4. Qc2 d5 5. cxd5 exd5 6. Bg5 c5 7. Nf3 cxd4 8.
Nxd4 Nc6 9. Nxc6 bxc6 10. e3 O-O 11. Be2 h6 12. Bh4 d4 13. Rd1 dxc3 14. Rxd8
cxb2+ 15. Rd2 Rd8 16. Qxb2 Bxd2+ 17. Qxd2 Rxd2 18. Kxd2 Ne4+ 19. Kc1 g5 20. Bg3
Be6 21. a3 Nxg3 22. hxg3 Kg7 23. Rd1 Rb8 24. Rd4 Kf6 25. Ra4 Rb7 26. Ra5 Ke7
27. e4 Kd6 28. f4 f6 29. Bf3 Rc7 30. Kc2 Bc8 31. Kc3 c5 32. Rb5 Re7 33. Rb8 Kc7
34. Ra8 Bb7 35. Rf8 Bxe4 36. Rxf6 Bxf3 37. gxf3 Re3+ 38. Kc4 Rxf3 39. fxg5 Rxa3
40. gxh6 Rxg3 41. Kxc5 Rg5+ 42. Kd4 Rh5 43. Ke4 a5 44. Kf3 Kd7 45. Kg4 Rh1 46.
Ra6 Ke7 47. Kg5 Rg1+ 48. Kf5 Rf1+ 49. Kg6 Rg1+ 50. Kh7 Kf7 51. Ra7+ Kf8 52.
Rxa5 Rf1 53. Kh8 Kf7 54. Rg5 Kf8 55. Rg8+ Kf7 56. Rg7+ Kf8 57. Rg8+ Kf7 58.
Rg7+ Kf8 1/2-1/2

[Event "Donostia Hiria Nazioarteko XXX"]
[Site "Donostia-San Sebastián"]
[Date "2009.04.06"]
[Round "2"]
[White "Lafuente, Pablo"]
[Black "Trigo Urquijo, Sergio"]
[Result "1-0"]
[WhiteElo "2517"]
[BlackElo "2216"]
[PlyCount "65"]
[EventDate "2009.04.05"]
[EventRounds "9"]
[EventCountry "ESP"]

1. d4 d5 2. c4 c6 3. Nc3 Nf6 4. e3 a6 5. Qc2 e6 6. Nf3 Nbd7 7. b3 Bd6 8. Be2
O-O 9. O-O dxc4 10. bxc4 e5 11. Rd1 exd4 12. exd4 Qc7 13. g3 c5 14. d5 Re8 15.
Ng5 Be5 16. d6 Qb8 17. Bb2 h6 18. Nf3 Bxd6 19. Nd5 Re6 20. Nxf6+ Nxf6 21. Bd3
Ne8 22. Bh7+ Kh8 23. Bf5 Re7 24. Rd2 Bxf5 25. Qxf5 Qc8 26. Qh5 Qe6 27. Rad1 Kg8
28. Nh4 Rd8 29. Nf5 Red7 30. Re2 Qg6 31. Qf3 Kh7 32. Nh4 Qg5 33. Rd5 1-0

[Event "Donostia Hiria Nazioarteko XXX"]
[Site "Donostia-San Sebastián"]
[Date "2009.04.06"]
[Round "2"]
[White "Kulago, Alexander"]
[Black "Alsina Leal, Daniel"]
[Result "0-1"]
[WhiteElo "2168"]
[BlackElo "2503"]
[PlyCount "126"]
[EventDate "2009.04.05"]
[EventRounds "9"]
[EventCountry "ESP"]

1. Nf3 d5 2. d4 Nf6 3. c4 dxc4 4. e3 e6 5. Nc3 a6 6. Bxc4 b5 7. Bd3 c5 8. dxc5
Bxc5 9. O-O O-O 10. Ne4 Be7 11. Qe2 Nbd7 12. Rd1 Qc7 13. Bd2 Bb7 14. Rac1 Qb6
15. Nxf6+ Bxf6 16. Bc3 Bxc3 17. Rxc3 Nc5 18. Bxh7+ Kxh7 19. Qc2+ Ne4 20. Ng5+
Kg8 21. Nxe4 Rfd8 22. Ng5 g6 23. h4 Rxd1+ 24. Qxd1 Rd8 25. Rd3 Rxd3 26. Qxd3
Qc6 27. f3 Qc1+ 28. Kh2 Bd5 29. b3 Qc7+ 30. f4 b4 31. e4 Qxf4+ 32. Qg3 Qxg3+
33. Kxg3 Bc6 34. Kf4 Kg7 35. g3 Bb5 36. Ke3 e5 37. Nf3 f6 38. Nd2 Kf7 39. g4
Bd7 40. Kf3 Be6 41. h5 gxh5 42. gxh5 Kg7 43. Nc4 Kh6 44. Na5 Bd7 45. Nb7 Kxh5
46. Nc5 Bb5 47. Ke3 Kg6 48. Kf3 Kf7 49. Kg4 Kg6 50. Nb7 Bc6 51. Nc5 a5 52. Kh4
Ba8 53. Kg4 Bxe4 54. Kh4 Bc6 55. Nd3 Kf5 56. Kg3 Ke4 57. Nc5+ Ke3 58. Kg4 Be4
59. Nd7 f5+ 60. Kg5 Kd4 61. Kf6 f4 62. Nxe5 f3 63. Ng4 Bb1 0-1

[Event "Donostia Hiria Nazioarteko XXX"]
[Site "Donostia-San Sebastián"]
[Date "2009.04.06"]
[Round "2"]
[White "Santos Latasa, Jaime"]
[Black "Sebenik, Matej"]
[Result "0-1"]
[WhiteElo "2155"]
[BlackElo "2482"]
[PlyCount "88"]
[EventDate "2009.04.05"]
[EventRounds "9"]
[EventCountry "ESP"]

1. c4 e5 2. g3 d6 3. Bg2 f5 4. Nc3 Nf6 5. e3 Be7 6. Nge2 c6 7. d4 O-O 8. O-O
Na6 9. b3 Nc7 10. f4 exd4 11. exd4 d5 12. Bb2 Be6 13. Qd3 Qd7 14. Kh1 Rad8 15.
c5 Bf7 16. Nc1 Ne4 17. b4 Bf6 18. Nb3 Rde8 19. Nd2 Bh5 20. Nf3 Bxf3 21. Bxf3
Nxc3 22. Bxc3 g6 23. a4 a6 24. Kg2 Re6 25. Rfe1 Rfe8 26. Rxe6 Rxe6 27. Kf2 Re7
28. h3 h5 29. h4 Kh7 30. Rb1 Bg7 31. Kg2 Ne8 32. Be1 Nf6 33. Bf2 Ng4 34. Bg1
Qe8 35. Kf1 Ne3+ 36. Kf2 Qh8 37. Be2 Bxd4 38. Kf3 Re4 39. Qd2 Ng4 40. Bd3 Bxg1
41. Rxg1 Qd4 42. Rd1 Re3+ 43. Kg2 Rxd3 44. Qxd3 Qf2+ 0-1